00727nam a22001457a 4500003000400000020001800004082001600022100002000038245007100058250000800129260002900137300000800166650004000174653036700214SGT a9788177582062 a658.301 GRE aGREER,CHARLES R aSTRATEGIC HUMAN RESOURCE MANAGEMENT: A GENERAL MANAGERIAL APPROACH a2ND aNEW DELHIbPEARSONc2006 a368 aSTRATEGIC HUMAN RESOURCE MANAGEMENT aAn Investment Perspective of Human Resources The Human Resource Environment The Human Resource Legal Environment Strategy Formulation Human Resource Planning Strategy Implementation: Workforce Utilization and Employment Practices Strategy Implementation: Reward and Development Systems The performance Impact of Human Resource Practices Human Resource Evaluation